| 000 | 00411nam a2200133Ia 4500 | ||
|---|---|---|---|
| 008 | 170221s9999 xx 000 0 und d | ||
| 100 | _aBaruch Kreiman | ||
| 245 | _aSurvey of the Rights of Receiverships to Sell Real Property | ||
| 245 | _cBaruch Kreiman | ||
| 260 | _c2015 | ||
| 300 | _a: | ||
| 650 | _xBusiness | ||
| 856 | _uhttp://digitalcommons.pepperdine.edu/cgi/viewcontent.cgi?article=1125&context=jbel | ||
| 999 |
_c313547 _d313547 |
||